01977nam a22002777a 450000500170000000800410001704000510005824501060010926000440021530000230025950800370028251100580031952008450037753800370122254600550125965000340131465000430134865000390139170000290143070000250145970000380148470000170152285600630153985600890160204100080169120170608110955.0110125s2011 nyu099 g vleng d aCo-BoUCMcJavier GarzóndAldemar Mondragón00aPlastic planethDVDcproducción de Thomas Bogner, Daniel Zuta ; escrita y dirigida por Werner Boote aNew York, NY bFirst Run Featuresc2011 a1 DVD (99 minutos) afotográfia de Thomas Kirschner0 aNarración Werner Boote, David Nathan, Marc Jeffreys0 aEl plástico, que se ha vuelto omnipresente en nuestra vida cotidiana, tiene sobre nuestra salud y sobre el ecosistema efectos devastadores que no alcanzamos a sospechar: está presente en la ropa que vestimos, se filtra inadvertidamente en la comida que ingerimos (desde los envases) y a veces incluso lo introducimos voluntariamente en nuestro cuerpo en forma de silicona. Nieto de un pionero de la industria, educado en los supuestos beneficios de la era del plástico, Boote dedicó diez años a investigar cómo este derivado del petróleo está destruyendo nuestro mundo, exponiendo rigurosos argumentos, entrevistando a toda clase de científicos y enfrentándose a uno de los capos del mercado. El efecto de su trabajo es desolador: después de verlo, ya nadie querrá volver a tomar el agua de una botellita desechable. aDVD, region 1, NTSC, wide screen aAudio en inglés y aleman. Subtitulos en inglés 7aIndustria del plásticovDVD 7aPlásticosxAspectos ambientalesvDVD 7aPlásticosxBiodegradaciónvDVD1 aBogner, Thomasedirector1 aBoote, Wernerd1965-1 aKirschner, Thomas efotografías1 aZuta, Daniel zVer el traileruhttp://www.youtube.com/watch?v=a7X-J1DhfjE04uhttp://www.youtube.com/watch?v=a7X-J1DhfjEzSiga este vínculo para ver el trailer. aeng